[Event "MEX-ch U26 (Women)"]
[Site "Merida"]
[Date "2019.05.14"]
[Round "3"]
[White "Cima Ruiz, Maria Ines"]
[Black "Arreola Medrano, Daniela"]
[Result "1-0"]
[WhiteElo "1096"]
[BlackElo "1357"]
[PlyCount "37"]
[EventDate "2019.05.12"]
[EventType "swiss"]
[EventRounds "6"]
[EventCountry "MEX"]
[SourceTitle "EXT 2020"]
[Source "ChessBase"]
[SourceDate "2019.10.17"]
[SourceVersion "1"]
[SourceVersionDate "2019.10.17"]
[SourceQuality "1"]

1. e4 e5 2. Bc4 Nf6 3. Nc3 Bc5 4. d3 h6 5. f4 d6 6. f5 0-0 7. h3 d5 8. exd5 Bxf5 9. Qf3 Bg6 10. Na4 e4 11. dxe4 Bxe4 12. Qd1 Bd6 13. Ne2 Bxg2 14. Rg1 Bf3 15. Bxh6 Nh5 16. Qd4 f6 17. 0-0-0 Kh8 18. Qe3 Bxe2 19. Bxg7+ 1-0

[Event "MEX-ch U26 (Women)"]
[Site "Merida"]
[Date "2019.05.13"]
[Round "2"]
[White "Arreola Medrano, Daniela"]
[Black "Rivera Hernandez, Elisa Mariana"]
[Result "0-1"]
[WhiteElo "1357"]
[BlackElo "1607"]
[PlyCount "54"]
[EventDate "2019.05.12"]
[EventType "swiss"]
[EventRounds "6"]
[EventCountry "MEX"]
[SourceTitle "EXT 2020"]
[Source "ChessBase"]
[SourceDate "2019.10.17"]
[SourceVersion "1"]
[SourceVersionDate "2019.10.17"]
[SourceQuality "1"]

1. d4 Nf6 2. c4 g6 3. Nc3 Bg7 4. e4 d6 5. Nf3 0-0 6. Be2 e5 7. d5 a5 8. 0-0 Na6 9. b3 Nc5 10. Nd2 Ne8 11. Ba3 Na6 12. Rb1 f5 13. f3 Qg5 14. Qc2 Nb4 15. Bxb4 axb4 16. Na4 Nf6 17. Bd3 Nh5 18. exf5 gxf5 19. Rf2 Nf4 20. Kh1 Rf6 21. g3 Nh5 22. Rg1 Rh6 23. g4 fxg4 24. fxg4 Nf4 25. Bf5 Nh3 26. Be6+ Bxe6 27. Ne4 Nxf2+ 0-1